LIBRARY & INFORMATION CENTRE, KCAET, TAVANUR

ONLINE PUBLIC ACCESS CATALOGUE (OPAC)

Fruit flies and their control / (Record no. 2966)

MARC details
000 -LEADER
fixed length control field 00598cam a2200241ua 4500
041 ## - LANGUAGE CODE
Language code of text/sound track or separate title eng
082 ## - DEWEY DECIMAL CLASSIFICATION NUMBER
Classification number 632.9
Item number NAR/FR
100 ## - MAIN ENTRY--AUTHOR NAME
Personal name Narayanan, E S .
245 ## - TITLE STATEMENT
Title Fruit flies and their control /
260 ## - PUBLICATION, DISTRIBUTION, ETC. (IMPRINT)
Place of publication New Delhi :
Name of publisher Indian Council for Agricultural Research ,
Year of publication 1960.
300 ## - PHYSICAL DESCRIPTION
Number of Pages 68 ; .
700 1# - ADDED ENTRY--PERSONAL NAME
Personal name Batra, H N .
942 ## - ADDED ENTRY ELEMENTS (KOHA)
Koha item type Books
Holdings
Withdrawn status Lost status Damaged status Home library Current library Date acquired Cost, normal purchase price Full call number Accession Number Koha item type
Withdrawn     KAUAET KAUAET 07/04/2012 10.00 632.9 7812 Books
Withdrawn     KAUAET KAUAET 07/04/2012 10.00 632.9 7832 Books
Withdrawn     KAUAET KAUAET 07/04/2012 10.00 632.9 7811 Books
Withdrawn     KAUAET KAUAET 07/04/2012 10.00 632.9 7810 Books
Withdrawn     KAUAET KAUAET 07/04/2012 10.00 632.9 7813 Books
Withdrawn     KAUAET KAUAET 07/04/2012 10.00 632.9 7809 Books
free website counter